Ratanlal and Dhirajlal's the Indian Penal Code / (Record no. 88806)

MARC details
000 -LEADER
fixed length control field 00756nam a22002057a 4500
005 - DATE AND TIME OF LATEST TRANSACTION
control field 20230530153004.0
010 ## - LCCN (DPL NO)
LC control number ENG-110902 ENG-137054
020 ## - INTERNATIONAL STANDARD BOOK NUMBER
International Standard Book Number 9789351432210
Terms of availability 550.00
035 ## - SYSTEM CONTROL NUMBER
System control number EN-94434 EN-120586
037 ## - SOURCE OF ACQUISITION
Source of stock number/acquisition DBAD/PUB
082 ## - DEWEY DECIMAL CLASSIFICATION NUMBER
Classification number 345.405002632
100 ## - MAIN ENTRY--PERSONAL NAME
Personal name Ranchhoddas, Ratanlal
245 ## - TITLE STATEMENT
Title Ratanlal and Dhirajlal's the Indian Penal Code /
Statement of responsibility, etc by Ratanlal Ranchhoddas [and] Dhirajlal Keshavlal Thakore; edited by Versha Vahini
260 ## - PUBLICATION, DISTRIBUTION, ETC. (IMPRINT)
Place of publication, distribution, etc Gurgaon
Name of publisher, distributor, etc Lexis Nexis
Date of publication, distribution, etc 2014
270 ## - ADDRESS
Address 14th Floor, Building No.10, Tower-B, DLF Cyber City, Phase-II
City Gurgaon
Postal code 122002
300 ## - PHYSICAL DESCRIPTION
Extent cliii,994p.
Dimensions 25cm(pbk)
700 ## - ADDED ENTRY--PERSONAL NAME
Personal name Thakore, Dhirajlal Keshavlal
700 ## - ADDED ENTRY--PERSONAL NAME
Personal name Vahini, Versha
942 ## - ADDED ENTRY ELEMENTS (KOHA)
Source of classification or shelving scheme Dewey Decimal Classification
Item type English Books
Call number suffix RAN
Classification part 345.405002632
Holdings
Withdrawn status Lost status Not for loan Collection code Home library Current library Date acquired Source of acquisition Cost, normal purchase price Full call number Barcode Copy number Cost, replacement price Koha item type
      Non-fiction Ashok Vihar Ashok Vihar 30/05/2023 DBAD/PUB 550.00 345.405002632 RAN EN-120586 1 550.00 English Books
    Not For Loan Non-fiction D.B.Act.Division D.B.Act.Division 18/09/2014 DBAD/PUB 495.00 345.405002632 RAN EN-94434 1 495.00 English Books

© Delhi Public Library
Hit Counter
free hit counter